LEADER 02633nam1 22005053i 450 001 TO00570167 005 20231121125839.0 100 $a20041007g1905 ||||0itac50 ba 101 | $alat 102 $ade 181 1$6z01$ai $bxxxe 182 1$6z01$an 200 1 $aApulei Opera quae supersunt 210 $aLipsiae$cin aedibus B. G. Teubneri 215 $av.$d18 cm. 225 | $aBibliotheca scriptorum Graecorum et Romanorum Teubneriana 410 0$1001CFI0069176$12001 $aBibliotheca scriptorum Graecorum et Romanorum Teubneriana 440 1 $1001VEA0020540$12001 $aApulei Platonici Madaurensis Opera quae supersunt 463 1$1001CAG0072356$12001 $a˜2.1: œApulei Platonici Madaurensis Pro se de magia liber, Apologia$frecensuit Rudolfus Helm$v2.1 463 1$1001CAG0072357$12001 $a˜3: œApulei Platonici Madaurensis De philosophia libri$frecensuit Paulus Thomas$v3 463 1$1001PUV0725282$12001 $a˜1: œApulei Platonici Madaurensis Metamorphoseon libri 11$fiterum edidit Rudolfus Helm$v1 463 1$1001TO00570169$12001 $a˜1: œApulei Platonici Madaurensis Metamorphoseon libri 11$frecensuit Rudolfus Helm$v1 463 1$1001TO01225098$12001 $a˜2.2: œApulei Platonici Madaurensis Florida$frecensuit Rudolfus Helm$gadiectae sunt duae tabulae phototupicae$v2.2 463 1$1001UFI0284479$12001 $a˜1: œApulei Platonici Madaurensis Metamorphoseon libri 11.$ftertium edidit Rudolfus Helm$v1 463 1$1001UFI0284482$12001 $a˜2.1: œApulei Platonici Madaurensis Pro se de magia liber$eApologia$fiterum edidit Rudolfus Helm$v2 517 1 $aApulei Madaurensis Opera quae supersunt.$9CFI0650004 517 1 $aOpera quae supersunt.$9VEA0020684 700 0$aApuleius$3CFIV021072$4070$0439295 790 0$aApuleius : Madaurensis$3BVEV002900$zApuleius 790 1$aApuleius$b, Lucius$3BVEV002903$zApuleius 790 0$aApuleio$3CFIV021075$zApuleius 790 1$aApuleio$b, Lucio$3CFIV070322$zApuleius 790 0$aApuleio : di Madaura$3CFIV097595$zApuleius 790 0$aApulée$3UFIV121713$zApuleius 801 3$aIT$bIT-01$c20041007 850 $aIT-RM028 $aIT-RM0290 $aIT-RM0418 $aIT-RM0151 899 $aBiblioteca Universitaria Alessandrina$bRM028 899 $aBIBLIOTECA ANGELICA$bRM0290 899 $aBIBLIOTECA ACCADEMIA NAZ. DEI LINCEI E CORSINIANA$bRM0418 899 $aBiblioteca Istituto Storico Italiano Medio Evo - I$bRM0151 912 $aTO00570167 967 $m7 977 $a 01$a 06$a 10$a 41$a 52 996 $aApulei Opera quae supersunt$93638082 997 $aUNICAS